Sports Quiz

Random Sports or College Quiz

2013 NFL Starting QB Colleges Quiz Stats

 Plays Quiz not verified by Sporcle

Score 0/32 Timer 04:00
0 Plays Today
Player College/University % Correct
Tom BradyUniversity of Michigan
96.8%
Geno SmithWest Virginia University
94.7%
Andrew LuckStanford University
93.4%
Robert Griffin IIIUniversity of Baylor
90.8%
Peyton ManningUniversity of Tennessee
90.4%
Cam NewtonAuburn University
89.6%
EJ Manuel Florida State University
89.1%
Eli ManningUniversity of Mississippi
88.5%
Andy DaltonTexas Christian University
86.5%
Terrelle PryorOhio State University
86.5%
Michael VickVirginia Tech
85.1%
Ryan TannehillTexas A&M University
84%
Ben RoethlisbergerMiami University of Ohio
83.7%
Sam BradfordUniversity of Oklahoma
83.7%
Matthew StaffordUniversity of Georgia
83.5%
Carson PalmerUniversity of Southern California
83.2%
Player College/University % Correct
Aaron RodgersUniversity of California-Berkeley
83.1%
Russell WilsonUniversity of Wisconsin-Madison
82.5%
Matt RyanBoston College
81.6%
Jake LockerUniversity of Washington
79.8%
Drew BreesPurdue University
79.6%
Colin KaepernickUniversity of Nevada
78.9%
Blaine GabbertUniversity of Missouri
78.3%
Alex SmithUniversity of Utah
78.2%
Joe FlaccoUniversity of Delaware
76.2%
Jay CutlerVanderbilt University
75.3%
Brandon WeedenOklahoma State University
74.5%
Christian PonderFlorida State University
73.8%
Philip RiversNorth Carolina State University
71.2%
Tony RomoEastern Illinois University
65.7%
Josh FreemanKansas State University
60.6%
Matt SchaubUniversity of Virginia
58.4%

You're not logged in!

Compare scores with friends on all Sporcle quizzes.
Join for Free
OR
Log In

You Might Also Like...

Show Comments

Extras

Top Quizzes Today


Score Distribution

Your Account Isn't Verified!

In order to create a playlist on Sporcle, you need to verify the email address you used during registration. Go to your Sporcle Settings to finish the process.

Report this User

Report this user for behavior that violates our Community Guidelines.

Details: